| 000 | 00993nam a2200313 a 4500 | ||
|---|---|---|---|
| 999 |
_c9076 _d9076 |
||
| 001 | 9076 | ||
| 003 | BD-JhCC | ||
| 005 | 20180925120351.0 | ||
| 008 | 180308s1965 gw 001 0 eng d | ||
| 035 | _a(BD-JhCC)9076 | ||
| 040 |
_aBD-JhCC _cAFU _dBD-JhCC _dEQO |
||
| 041 | _aeng | ||
| 082 | _bPRI 1965 | ||
| 090 |
_aPR9619.3.P75 _bA6 |
||
| 090 |
_aPR6031.R57 _bO5 |
||
| 100 | 1 |
_aPrichard, Katharine Susannah, _d1884-1969. |
|
| 240 | 1 | 0 | _aWorks. |
| 245 | 1 | 0 |
_aOn strenuous wings : _ba half-century of selected writings from the works of Katharine Susannah Prichard / _cEdited and with an introduction by Joan Williams. |
| 260 |
_aBerlin : _bSeven Seas, _c1965. |
||
| 300 |
_a197 p. ; _c20 cm. |
||
| 490 | 1 | _aSeven Seas books | |
| 500 | _a"A collection of works by writers in the English language." | ||
| 600 |
_aPrichard, Katharine Susannah, _d1884-1969 |
||
| 650 | _aWings | ||
| 700 | 1 | _aWilliams, Joan. | |
| 830 | 0 | _aSeven Seas books. | |
| 942 |
_2ddc _cBK |
||